Liderazgo
Guardat en:
| Autor principal: | |
|---|---|
| Format: | Llibre |
| Idioma: | espanyol |
| Publicat: |
Barcelona
Folio
1997
|
| Col·lecció: | Biblioteca IESE de Gestión de Empresas
|
| Matèries: | |
| Etiquetes: |
Afegir etiqueta
Sense etiquetes, Sigues el primer a etiquetar aquest registre!
|
MARC
| LEADER | 00000nam a2200000 a 4500 | ||
|---|---|---|---|
| 001 | UCR6032 | ||
| 003 | CL-VaPUC | ||
| 008 | 980409e19970000SP |||||||||||||||||spa|d | ||
| 082 | 0 | 4 | |a 658.409 |b PER |2 21 |
| 100 | 0 | |a Pérez López, Juan Antonio |e author |9 407097 | |
| 245 | 1 | 0 | |a Liderazgo |
| 300 | |a 88 p | ||
| 942 | |c BK | ||
| 945 | |d 19980409 00:00:00 |a rleighto | ||
| 260 | |a Barcelona |b Folio |c 1997 | ||
| 650 | 0 | |a Empresas |9 255569 | |
| 650 | 0 | |a Administración de empresas |9 260833 | |
| 650 | 7 | |a MOTIVACION HUMANA |2 CL-VaPUC |9 396067 | |
| 650 | 0 | |a Liderazgo |9 271835 | |
| 650 | 7 | |a DIRECCION |2 CL-VaPUC |9 358279 | |
| 650 | 0 | |a Recursos humanos |9 228420 | |
| 583 | |a last modification |c 19980409 00:00:00 |k Rodrigo Vera | ||
| 490 | 0 | |a Biblioteca IESE de Gestión de Empresas | |
| 999 | |c 268349 |d 268347 | ||
| 952 | |0 0 |1 0 |4 0 |6 658_409000000000000_PER_1997 |7 0 |8 A |9 301420 |a BIBENE |b BIBENE |d 2019-11-20 |i 3412008 |o 658.409 PER 1997 |p 3412008 |r 2025-01-15 |w 2019-11-20 |y BK |k ICO | ||
| 952 | |0 0 |1 0 |4 0 |6 658_409000000000000_PER_1997 |7 0 |8 A |9 301421 |a BIBENE |b BIBENE |d 2019-11-20 |i 3412016 |o 658.409 PER 1997 |p 3412016 |r 2025-01-15 |w 2019-11-20 |y BK |k ICO | ||